000
00305nam a2200121Ia 4500
008
250224s9999 xx 000 0 und d
020
_a
9781405882293
082
_a
J428.6WIL
100
_a
Wilde, Oscar
245
4
_a
The picture of Drian Gray
942
_c
JBK
999
_c
470594
_d
470594